00737cam a22002058c 450000500170000002000180001704100080003508200150004310000260005824501040008426000400018830000290022850400200025765000240027765000210030165000290032294200120035199900170036395201510038020260416180334.0 a9781394304059 aENG00a650.1bKAR1 aKarra Sillaman, Neri,10aPioneers :b8 principles of business longevity from immigrant entrepreneurs /cNeri Karra Sillaman. aUnited State :bJohn Wiley ,c2025. axiv, 238 pages ;c24 cm. aIncludes index. 0aSuccess in business 0aEntrepreneurship 0aNew business enterprises 2ddccBK c24315d24315 00102ddc4070aIPEbIPEcS Campusd2026-04-16eAtlantic Publisherg2568.33i28/03/2026l0o650.1 KARp51025r2026-04-16 17:09:55w2026-04-16yBK